00498nam a2200181Ia 4500008004100000020001500041082002600056100003200082245006300114260001400177260001500191260000900206300001000215500004300225650001000268650002300278650001500301260312s9999 xx 000 0 und d a8838790248 a342.83 D383c 1990 HNA aRinaldi, Alfonsina et al. 0aDemocrazia e costituzionalismo alla prova: Il caso cileno. aMaggioli  bSan Marino c1990 a447p. aColección Humberto Nogueira Alcalá aChile aConstitucionalismo aDemocracia